Successful poultry management. (Record no. 11377)

MARC details
000 -LEADER
fixed length control field 00821cam a22002771 4500
001 - CONTROL NUMBER
control field agr51000524
003 - CONTROL NUMBER IDENTIFIER
control field DLC
005 - DATE AND TIME OF LATEST TRANSACTION
control field 20260227111015.0
008 - FIXED-LENGTH DATA ELEMENTS--GENERAL INFORMATION
fixed length control field 761020s1951 xx 000 0 eng c
010 ## - LIBRARY OF CONGRESS CONTROL NUMBER
LC control number agr51000524
015 ## - NATIONAL BIBLIOGRAPHY NUMBER
National bibliography number GB51-8273
035 ## - SYSTEM CONTROL NUMBER
System control number (OCoLC)2516212
040 ## - CATALOGING SOURCE
Original cataloging agency U. S. Dept. of Agr. Libr.
Transcribing agency O
Modifying agency Uk
-- DLC
042 ## - AUTHENTICATION CODE
Authentication code premarc
050 00 - LIBRARY OF CONGRESS CALL NUMBER
Classification number SF487
Item number .J83 1951
082 ## - DEWEY DECIMAL CLASSIFICATION NUMBER
Classification number 636.508
100 1# - MAIN ENTRY--PERSONAL NAME
Personal name Jull, M. A.
Fuller form of name (Morley Allan),
Dates associated with a name 1885-
245 10 - TITLE STATEMENT
Title Successful poultry management.
250 ## - EDITION STATEMENT
Edition statement 2d ed.
260 ## - PUBLICATION, DISTRIBUTION, ETC.
Place of publication, distribution, etc. New York,
Name of publisher, distributor, etc. McGraw-Hill
Date of publication, distribution, etc. [1951]
300 ## - PHYSICAL DESCRIPTION
Extent xi, 447 p.
Other physical details illus., maps.
Dimensions 24 cm.
490 0# - SERIES STATEMENT
Series statement McGraw-Hill's rural activities series
500 ## - GENERAL NOTE
General note "References": p. 421-426; "Correlated list of visual aids": p. 427-429.
650 #0 - SUBJECT ADDED ENTRY--TOPICAL TERM
Topical term or geographic name entry element Poultry.
740 0# - ADDED ENTRY--UNCONTROLLED RELATED/ANALYTICAL TITLE
Uncontrolled related/analytical title Poultry management.

No items available.

Powered by Koha